|
|
|
|
| LEADER |
00601nam#a2200205#a#4500 |
| 001 |
000888 |
| 005 |
20160721141810.0 |
| 008 |
950607s1989####it##################eng#d |
| 040 |
|
|
|a AR-BeUNQ
|
| 099 |
|
|
|a 29-T2
|
| 100 |
1 |
|
|a Teti, Giancarlo Caprino Roberto
|
| 245 |
0 |
2 |
|a Sandwich structures :
|b handbook
|c Giancarlo Caprino Roberto Teti.
|
| 260 |
|
|
|a Padua :
|b Il Prato,
|c 1989
|
| 300 |
|
|
|a 306 p
|
| 594 |
|
|
|a ARQUITECTURA NAVAL
|
| 595 |
|
|
|a CONSTRUCCION NAVAL II
|d 2005
|d 2005
|
| 650 |
|
7 |
|a ESTRUCTURAS SANDWICH
|2 spines
|
| 929 |
|
|
|d 4,00E
|e 19950607
|g Exp. 0342/95
|j 11088
|
| 942 |
|
|
|c LIB
|n 0
|
| 999 |
|
|
|c 3690
|d 79077
|